000 00474nam a22001457a 4500
008 240517b |||||||| |||| 00| 0 eng d
020 _a9789966651723
050 _aQC23
_b.K56 2018
245 _aSecondary physics:
_b Form Four students' book /
_cKenya Literature Bureau
250 _a5th ed.
_bNew Syllabus
260 _aNairobi :
_bKenya literature,
_c2018.
300 _avii,180p. :
_bill.
650 _aPhysics.
942 _2lcc
_cAFRICANA
_hQC23 .K56 2018
999 _c31988
_d31988